000 00605nam a2200229Ia 4500
003 OSt
005 20221005132758.0
006 a|||||r|||| 00| 0
007 ta
008 221004b |||||||| |||| 00| 0 mal d
024 _a56208
037 _cTextual
040 _aCRL
_cCRL
_bmal
041 _2mal
_amal
082 _aO32,3M961x, M2
100 _aBhattathirippadu V.T. Au.
_9593557
245 0 _aV.T.yude kathakal
260 _c1982
650 _aMALAYALAM LITERATURE
_938866
942 _hO32,3M961x, M2
_cTEXL
_2cc
999 _c1064776
_d1064776